000 00665nam a2200241 i 4500
001 bg
100 1 _aSHIM, Jae K.
245 1 0 _aDictionary of economics /
_cJae K. Shim, Joel G. Siegel.
260 _aNew York [et al.] :
_bJohn Wiley & Sons,
_c1995.
300 _aX, 373 s. :
_b1 mapa, rys., wykr. ;
_c23 cm.
490 1 _aBusiness Dictionary Series
650 9 _aNauki ekonomiczne
655 _aEncyklopedie
700 1 _aSIEGEL, Joel G.
830 _aBusiness Dictionary Series
020 _a0471013145
040 _cBPK
041 0 _aen
080 _a33(03)
920 _a0-471-01314-5
942 _cKS
008 s pl f |000 0 pol
999 _c32753
_d32753
856 _uhttp://koha.tu.koszalin.pl/cgi-bin/koha/opac-detail.pl?biblionumber=32753
_yKatalog online BPK